| 000 | 01372nam a22002657a 4500 | ||
|---|---|---|---|
| 005 | 20170124102926.0 | ||
| 010 | _aA-440257 | ||
| 020 | _c100.00 | ||
| 035 | _aA-440257 | ||
| 037 | _bCen Lib/Ret | ||
| 040 |
_aDPL _bHN |
||
| 082 |
_a828.08 _bरामच |
||
| 245 |
_aरामचन्द्र शुक्ल : _cसम्पादक शशिभूषण सिंहल [और] पुष्पा बंसल _bआचार्य रामचन्द्र शुक्ल के बहुमिखी कृतित्व का सर्वागीण विवेचन / |
||
| 246 |
_aRamchandra Shukal : acharya Ramchandra Shukal ke bahumukhi krititv ka sarvangeen vivechan / _bsampadak Shashibhushan Sinhal [or] Pushpa Bansal |
||
| 260 |
_aनयी दिल्ली _bदिग्दर्शनचरण जैन _c1986 |
||
| 270 |
_a4662/21, दरयागंज _bनयी दिल्ली _e110002 |
||
| 300 |
_a260पृ. _c19सेमी(सजिल्द ) |
||
| 650 |
_aहिंदी साहित्य _z _943544 |
||
| 650 |
_aहिंदी उपन्यास _v _9105944 |
||
| 650 |
_aHindi literature _9105945 |
||
| 650 |
_aHindi fiction _927248 |
||
| 700 |
_aसिंहल, शाशिभूषण _9105946 |
||
| 700 |
_aबंसल, पुष्पा _9105947 |
||
| 942 |
_2ddc _cHN _k828.08 _mरामच |
||
| 999 |
_c111576 _d111576 |
||